| 000 | 00534nam a2200157 a 4500 | ||
|---|---|---|---|
| 005 | 20140412111333.0 | ||
| 008 | 050411s19uu xx 00 eng d | ||
| 050 |
_aTR(GS 535.6 _bS54 1990 |
||
| 245 |
_aWhat color?. / _cPhotographs by Anthea Sieveking. |
||
| 260 |
_aNew York : _bDial Books for Young Readers, _c1990. |
||
| 300 | _a1 v. (unp.) ; ill. | ||
| 520 | _aBrief text and photographs display a variety of colored objects familiar to babies. | ||
| 650 |
_aColor _xJuvenile literature |
||
| 650 | _aVocabulary | ||
| 999 |
_c104964 _d104964 |
||